The best collection of Carpenters

Enregistré dans:
Détails bibliographiques
Format: Livre
Langue:Undetermined
Publié: Thành phố Hồ Chí Minh Trẻ 2003
Sujets:
Tags: Ajouter un tag
Pas de tags, Soyez le premier à ajouter un tag!
Thư viện lưu trữ: Trung tâm Học liệu Trường Đại học Cần Thơ
LEADER 00475nam a2200181Ia 4500
001 CTU_214035
008 210402s9999 xx 000 0 und d
020 |b 76000 
082 |a 782.42 
082 |b B561/Vo.3 
245 4 |a The best collection of Carpenters 
260 |a Thành phố Hồ Chí Minh 
260 |b Trẻ 
260 |c 2003 
650 |a Songs 
650 |x Collections 
904 |i Tuyến 
980 |a Trung tâm Học liệu Trường Đại học Cần Thơ